Online Catalogue and eLibrary

Social philosophy ofthe Mahabharata and the menu Smrti (Record no. 701)

MARC details
000 -LEADER
fixed length control field 00516nam a2200205Ia 4500
005 - DATE AND TIME OF LATEST TRANSACTION
control field 20240702033634.0
008 - FIXED-LENGTH DATA ELEMENTS--GENERAL INFORMATION
fixed length control field 240331s9999 xx 000 0 und d
020 ## - INTERNATIONAL STANDARD BOOK NUMBER
ISBN 817054078X
082 ## - DDC Classification
Class No. 100
Item Number - Author Mark VER
100 ## - MAIN ENTRY--PERSONAL NAME
Personal name Varma, Prativa
245 #0 - TITLE STATEMENT
Title Social philosophy ofthe Mahabharata and the menu Smrti
260 ## - PUBLICATION, DISTRIBUTION, ETC.
Place of publication, distribution, etc. New Delhi
Name of publisher, distributor, etc. Classical Publishing Company
Date of publication, distribution, etc. 1988
300 ## - PHYSICAL DESCRIPTION
Extent (e.g. Volumes, Pages etc.) 368 p .,
650 ## - SUBJECT ADDED ENTRY--TOPICAL TERM
Topical term or geographic name entry element Social
650 ## - SUBJECT ADDED ENTRY--TOPICAL TERM
Topical term or geographic name entry element Philosophy
650 ## - SUBJECT ADDED ENTRY--TOPICAL TERM
Topical term or geographic name entry element Religion
650 ## - SUBJECT ADDED ENTRY--TOPICAL TERM
Topical term or geographic name entry element Ethics
650 ## - SUBJECT ADDED ENTRY--TOPICAL TERM
Topical term or geographic name entry element Politics
942 ## - Koha item type (Biblio)
Koha item type Books in Stacks (Lending)
Holdings
Lost status Damaged status Collection code Home library Current library Shelving location Date acquired Full call number Accession Number Item type
    Lending WERC Library WERC Library Social Science Cupboard 03/31/2024 100 VAR 703 Books in Stacks (Lending)

© WERC Library